000 00669nam a22001577a 4500
008 250127t2024 xxk|||||o|||| 00| 0 eng d
041 _aeng
110 _aRoyal Institution of Chartered Surveyors
245 _aRICS response to consultation on regulation of valuation practice
_h[Electronic resource]
260 _aLondon,
_bRoyal Institution of Chartered Surveyors,
_cAugust 2024
300 _a26p.
651 _aInternational
710 _aRoyal Institution of Chartered Surveyors
856 _uhttps://www.rics.org/content/dam/ricsglobal/documents/regulation/Valuation-review-policy-consultation-response_August-2024.pdf
_zAvailable free on RICS.org
942 _n0
999 _c122099
_d122099